Score 0/48 Timer 06:00
12 Plays Today
% Correct
Luke Skywalker
92.6%
Yoda
92.5%
Chewbacca
92.4%
Darth Vader
92.3%
Han Solo
92.3%
R2-D2
92.2%
Jabba the Hutt
91.4%
C-3PO
91.3%
Leia Organa
91.2%
Darth Maul
90.7%
BB-8
90.4%
Jar Jar Binks
90.4%
Obi-Wan Kenobi
90.3%
Lando Calrissian
87.6%
Rey
86.8%
Boba Fett
86.4%
Emperor Palpatine
85.4%
Kylo Ren
83.8%
Qui-Gon Jinn
83.2%
Mace Windu
83%
Admiral Ackbar
82.9%
Finn
82.9%
Count Dooku
81.9%
Padmé Amidala
78.9%
% Correct
General Grievous
78.8%
Greedo
76.7%
Poe Dameron
74.8%
Supreme Leader Snoke
74.3%
Owen Lars
73.1%
Watto
72.4%
Shmi Skywalker Lars
70.4%
Maz Kanata
70%
Beru Whitesun Lars
66.7%
Sebulba
66.7%
Bail Prestor Organa
66.1%
Wilhuff Tarkin
65.5%
Boss Nass
64.6%
Jango Fett
63.8%
General Hux
60.8%
Ki-Adi-Mundi
60.6%
Sabé
58.3%
Plo Koon
58.2%
Biggs Darklighter
57.9%
Wedge Antilles
57.7%
Cliegg Lars
54.4%
Captain Gregar Typho
51.6%
Captain Panaka
46.4%
Sio Bibble
42.7%
Remove Ads.
Support Sporcle.
Get the best of Sporcle when you Go Orange. This ad-free experience offers more features, more stats, and more fun while also helping to support Sporcle. Thank you for becoming a member.

You're not logged in!

Compare scores with friends on all Sporcle quizzes.
OR
Log In

Show Comments

Extras

Top Quizzes Today


Score Distribution

Your Account Isn't Verified!

In order to create a playlist on Sporcle, you need to verify the email address you used during registration. Go to your Sporcle Settings to finish the process.

Report this User

Report this user for behavior that violates our Community Guidelines.

Details: